100 Animaux (Animals English-French) - Statistics

General Stats
  • This quiz has been taken 3,595 times
    3,483 since last reset
  • The average score is 48 of 100
Answer Stats
Hint Answer % Correct
Cat Chat
99%
Dog Chien
96%
Lion Lion
95%
Tiger Tigre
95%
Rabbit Lapin
87%
Leopard Léopard
87%
Horse Cheval
86%
Pig Cochon
84%
Mouse Souris
82%
Elephant Eléphant
78%
Cow Vache
78%
Bird Oiseau
77%
Fish Poisson
77%
Chicken Poule
77%
Bear Ours
75%
Duck Canard
74%
Zebra Zèbre
74%
Sheep Mouton
72%
Giraffe Girafe
71%
Snake Serpent
71%
Monkey Singe
71%
Goat Chèvre
70%
Llama Lama
69%
Dolphin Dauphin
68%
Gorilla Gorille
67%
Frog Grenouille
67%
Kangaroo Kangourou
65%
Fox Renard
65%
Butterfly Papillon
64%
Rhinoceros Rhinocéros
63%
Spider Araignée
62%
Tapir Tapir
62%
Bat Chauve-Souris
61%
Hippopotamus Hippopotame
61%
Lizard Lézard
60%
Okapi Okapi
59%
Salmon Saumon
59%
Chimpanzee Chimpanzé
58%
Chinchilla Chinchilla
58%
Tortoise Tortue
58%
Donkey Ane
57%
Antelope Antilope
56%
Buffalo Buffle
53%
Whale Baleine
52%
Guinea Pig Cochon d'Inde
51%
Giant Panda Panda Géant
51%
Iguana Iguane
50%
Salamander Salamandre
50%
Mosquito Moustique
49%
Wallaby Wallaby
49%
Fly Mouche
48%
Sea Lion Otarie
48%
Albatross Albatros
47%
Owl Hibou
45%
Red Panda Panda Roux
45%
Alpaca Alpaga
44%
Orangutan Orang-Outan
44%
Seal Pinnipède
44%
Baboon Babouin
42%
Tuna Thon
41%
Deer Cerf
40%
Polar Bear Ours Blanc
39%
Ostrich Autruche
38%
Gibbon Gibbon
38%
Cheetah Guépard
38%
Ferret Furet
35%
Goose Oie
35%
Crow Corbeau
33%
Axolotl Axolotl
32%
Jellyfish Méduse
32%
Emu Emeu
30%
Human Being Etre Humain
29%
Hedgehog Hérisson
29%
Lobster Homard
29%
Seagull Mouette
27%
Mussel Moule
27%
Mule Mulet
27%
Porcupine Porc-Epic
27%
Toad Crapaud
26%
Dragonfly Libellule
26%
Otter Loutre
26%
Ladybird Coccinelle
23%
Walrus Morse
20%
Echidna Echidné
18%
Anteater Fourmilier
15%
Platypus Ornithorynque
15%
Flea Puce
15%
Badger Blaireau
14%
Crayfish Ecrevisse
14%
Cod Morue
13%
Clam Palourde
12%
Moth Papillon de Nuit
12%
Swallow Hirondelle
9%
Cockle Coque
8%
Stoat Hermine
7%
Newt Triton
7%
Mink Vison
7%
Vole Campagnol
5%
Cuttlefish Seiche
5%
Aardvark Oryctérope du Cap
2%
No matching quizzes found
Score Distribution
Percent of People with Each Score
Percentile by Number Answered
Your Score History
You have not taken this quiz since the last reset